A Textbook of Machine Drawing: (Record no. 590095)

000 -LEADER
fixed length control field 00375nam a22001337a 4500
020 ## - INTERNATIONAL STANDARD BOOK NUMBER
International Standard Book Number 9788121908245
040 ## - CATALOGING SOURCE
Transcribing agency NUST
082 ## - DEWEY DECIMAL CLASSIFICATION NUMBER
Classification number 621.0042 DHA
100 ## - MAIN ENTRY--PERSONAL NAME
Personal name Dhawan, R.K.
9 (RLIN) 974
245 ## - TITLE STATEMENT
Title A Textbook of Machine Drawing:
Remainder of title In First Angle Projection
260 ## - PUBLICATION, DISTRIBUTION, ETC.
Place of publication, distribution, etc. New Delhi:
Name of publisher, distributor, etc. S.Chand & Company Pvt. Ltd,
Date of publication, distribution, etc. 2014.
650 ## - SUBJECT ADDED ENTRY--TOPICAL TERM
Topical term or geographic name entry element Machine Drawing:
9 (RLIN) 63246
942 ## - ADDED ENTRY ELEMENTS (KOHA)
Source of classification or shelving scheme
Koha item type Book
Holdings
Withdrawn status Lost status Source of classification or shelving scheme Damaged status Not for loan Permanent Location Current Location Shelving location Date acquired Full call number Barcode Date last seen Price effective from Koha item type Public note
          College of Electrical & Mechanical Engineering (CEME) College of Electrical & Mechanical Engineering (CEME) General Stacks 06/03/2022 621.0042 DHA CEME-48751 06/03/2022 06/03/2022 Book 3.8
© 2023 Central Library, National University of Sciences and Technology. All Rights Reserved.